El esquiador centrado
Αποθηκεύτηκε σε:
| Κύριος συγγραφέας: | |
|---|---|
| Μορφή: | Βιβλίο |
| Γλώσσα: | Ισπανικά |
| Έκδοση: |
Santiago
Cuatro Vientos
1996
|
| Έκδοση: | 5a. ed |
| Θέματα: | |
| Ετικέτες: |
Προσθήκη ετικέτας
Δεν υπάρχουν, Καταχωρήστε ετικέτα πρώτοι!
|
MARC
| LEADER | 00000nam a2200000 a 4500 | ||
|---|---|---|---|
| 001 | UCR8153 | ||
| 003 | CL-VaPUC | ||
| 008 | 980520e19960000CL |||||||||||||||||spa|d | ||
| 082 | 0 | 4 | |a 615.85 |b MCC |2 21 |
| 100 | |a McCluggage, Denise |e autora |9 409849 | ||
| 245 | 1 | 3 | |a El esquiador centrado |
| 250 | |a 5a. ed | ||
| 300 | |a 197 p | ||
| 942 | |c BK | ||
| 945 | |d 19980520 00:00:00 |a mvenant | ||
| 260 | |a Santiago |b Cuatro Vientos |c 1996 | ||
| 650 | 7 | |a PSICOTERAPIA |2 CL-VaPUC |9 409850 | |
| 650 | 7 | |a ESQUI |2 CL-VaPUC |9 342875 | |
| 650 | 0 | |a Deportes |9 224367 | |
| 650 | 0 | |a Aspectos psicológicos |9 258128 | |
| 650 | 0 | |a Autoayuda |9 317869 | |
| 583 | |a last modification |c 19980520 00:00:00 |k Rodrigo Vera | ||
| 999 | |c 269704 |d 269702 | ||
| 952 | |0 0 |1 0 |2 ddc |4 0 |6 615_850000000000000_MCC_1996 |7 0 |8 A |9 303570 |a BIBEDU |b BIBEDU |d 2019-11-20 |i 3428567 |o 615.85 MCC 1996 |p 3428567 |r 2019-11-20 |w 2019-11-20 |y BK |k PSI | ||